Az egészségtudatosság földrajzi aspektusai a magyar gasztronómiában
| Main Author: | |
|---|---|
| Other Authors: | |
| Format: | Thesis |
| Kulcsszavak: | Táplálkozás, egészséges Életmód Egészségtudatosság Egészségi állapot, Magyarország Vendéglátás |
| Online Access: | http://dolgozattar.uni-bge.hu/58506 |
MARC
| LEADER | 00000nta a2200000 i 4500 | ||
|---|---|---|---|
| 001 | dolg58506 | ||
| 005 | 20251014111408.0 | ||
| 008 | 251014suuuu hu om 000 hun d | ||
| 040 | |a BGE Dolgozattár Repozitórium |b hun | ||
| 041 | |a hu | ||
| 100 | 1 | |a Ács Gabriella | |
| 245 | 1 | 3 | |a Az egészségtudatosság földrajzi aspektusai a magyar gasztronómiában |c Ács Gabriella |h [elektronikus dokumentum] |
| 695 | |a Táplálkozás, egészséges | ||
| 695 | |a Életmód | ||
| 695 | |a Egészségtudatosság | ||
| 695 | |a Egészségi állapot, Magyarország | ||
| 695 | |a Vendéglátás | ||
| 700 | 1 | |a Kádas Dr. Lajos |e ths | |
| 856 | 4 | 0 | |u http://dolgozattar.uni-bge.hu/58506/1/Acs-Gabriella.pdf |z Dokumentum-elérés |